| 000 | 01516nam a22004217a 4500 | ||
|---|---|---|---|
| 001 | 4435500 | ||
| 003 | OSt | ||
| 005 | 20210421083122.0 | ||
| 008 | 941223s1992 paua b 001 0 eng c | ||
| 010 | _a 94047073 | ||
| 020 | _a0803626762 | ||
| 040 |
_aDNLM/DLC _cDLC _deng _beng |
||
| 041 | _aeng | ||
| 050 | 0 | 0 |
_aRT41 _b.D54 1995 |
| 060 | 1 | 0 | _aWY 100 D615a 1995 |
| 080 |
_a616-08 _bD-69 |
||
| 082 | 0 | 0 |
_a610.73 _220 |
| 100 | 1 |
_aDoenges, Marilynn E., _d1922- |
|
| 245 | 1 | 0 |
_aApplication of nursing process and nursing diagnosis : _ban interactive text for diagnostic reasoning / _cMarilynn E. Doenges, Mary Frances Moorhouse, Joseph T. Burley. |
| 250 | _a2nd edition | ||
| 260 |
_aPhiladelphia, PA : _bDavis, _cc1992 |
||
| 300 |
_axxi, 311 p. : _bill. ; _c26 cm. |
||
| 504 | _aIncludes bibliographical references and index. | ||
| 650 | 0 | _aNursing. | |
| 650 | 0 |
_aPatient Care _9285 |
|
| 650 | 0 | _aNursing assessment. | |
| 650 | 0 | _aNursing diagnosis. | |
| 650 | 0 | _aNursing records. | |
| 650 | 1 | 2 | _aNursing Process. |
| 650 | 2 | 2 |
_aNursing Diagnosis _xmethods. |
| 653 | _aპაციენტის მოვლა | ||
| 653 | _aპაციენტის მოვლის ჩანაწერები | ||
| 700 | 1 |
_aMoorhouse, Mary Frances, _d1947- |
|
| 700 | 1 | _aBurley, Joseph. | |
| 906 |
_a7 _bcbu _corignew _d1 _eocip _f19 _gy-gencatlg |
||
| 942 |
_2udc _cBK _e2 |
||
| 999 |
_c721 _d721 |
||